000 006120000a22001810004500
003 MACL
005 20160517160408.0
008 160517b xxu||||| |||| 00| 0 eng d
040 _aMACL
_cMACL
041 _aHindi
082 _a891.433
100 _aशुक्‍ल, यशवंत
_957681
245 _aकथा भारती गुजराती कहानियॉ
_cयशवंत शुक्‍ल
260 _bनेशनल बुक ट्रस्‍ट इंडिया
_c1992
_aदिल्‍ली
350 _a24
650 _aStory
_957682
942 _cHIN
_k891.433/SHU/S
_2ddc
999 _c20387
_d20387